Títulos de Boca Junios - Estadísticas

Estadísticas generales
  • Esta prueba ha sido intentada 467 veces
    337 desde el último reinicio
  • La puntuación promedio es 7 de 13
Estadísticas de respuestas
Titles Times % Correcto
Copa Libertadores 6
100%
Copa Argentina 4
92%
Copa Sudamericana 2
90%
Copa Intercontinental/Mundial de Clubes 3
84%
Primera División 35
77%
Recopa Sudamericana 4
77%
Supercopa Argentina 1
51%
Supercopa Sudamericana 1
51%
Copa de la Liga 2
29%
Copa de Oro Nicolás Leoz 1
23%
Copa Master de Supercopa 1
13%
Campeón de Honor 1
2%
Copas Nacionales 9
2%
No se encontraron pruebas coincidentes
Distribución de puntuación
Porcentaje de gente con cada puntuación
Porcentaje por número respondido
Historial de tus puntuaciones
No has intentado esta prueba desde el último reinicio